| 000 | 00935cam a22002894a 4500 | ||
|---|---|---|---|
| 001 | 14840585 | ||
| 005 | 20180301033437.0 | ||
| 008 | 070507s2008 mauab b 001 0 eng | ||
| 010 | _a 2007019117 | ||
| 020 | _a9780073523095 (alk. paper) | ||
| 020 | _a0073523097 (alk. paper) | ||
| 020 | _a9780073523095 | ||
| 020 | _a0073523097 | ||
| 035 | _a(OCoLC)ocn124074999 | ||
| 035 |
_a(OCoLC)124074999 _z(OCoLC)148813501 |
||
| 040 |
_aDLC _cDLC _dYDX _dBAKER _dBTCTA _dYDXCP _dDLC |
||
| 041 | _aeng | ||
| 080 | _a332 STE | ||
| 082 | 0 | 0 |
_a332 STE _222 |
| 100 | 1 | _a52 | |
| 101 | _aECO | ||
| 245 | 1 | 0 |
_aMoney, banking, and financial markets / _cStephen G. Cecchetti. |
| 504 | _aIncludes bibliographical references and index. | ||
| 906 |
_a7 _bcbc _corignew _d1 _eecip _f20 _gy-gencatlg |
||
| 942 |
_2ddc _cBK |
||
| 999 |
_c43750 _d43750 |
||